Загрузка...
| LEADER | 00689 a2200181 4500 | ||
|---|---|---|---|
| 008 | 190404b ||||| |||| 00| 0 mal d | ||
| 999 | |c 333203 |d 333203 | ||
| 020 | |a 9789386094964 | ||
| 082 | |a 305.420954 NIV/A | ||
| 100 | |a Niveditha Menon | ||
| 245 | |a Akame pottiya kettukalkku appuram : |b Indian feminisathinte varthamanangal / |c Niveditha Menon. | ||
| 260 | |b S.P.C.S, |c 2017 |a Kottayam : | ||
| 300 | |a 223p. |c 21 cm. | ||
| 546 | |a Malayalam | ||
| 650 | |a Feminism | ||
| 700 | |a Devika, J |e translator | ||
| 942 | |2 ddc |c BK | ||
| 952 | |0 0 |1 0 |2 ddc |4 0 |6 305_420954000000000_NIV_A_M |7 0 |9 380640 |a UL |b UL |c ST1 |d 2019-03-26 |e 176 |g 154.00 |l 2 |o 305.420954 NIV/A M |p 99356 |q 2022-01-16 |r 2021-12-17 |s 2021-12-17 |v 220.00 |y BK | ||